A magic afternoon / (Record no. 9258)
[ view plain ]
| 000 -LEADER | |
|---|---|
| fixed length control field | 01180nam a22002897a 4500 |
| 001 - CONTROL NUMBER | |
| control field | 9258 |
| 003 - CONTROL NUMBER IDENTIFIER | |
| control field | FISKH |
| 005 - DATE AND TIME OF LATEST TRANSACTION | |
| control field | 20251205133937.0 |
| 008 - FIXED-LENGTH DATA ELEMENTS--GENERAL INFORMATION | |
| fixed length control field | 251205b cb ||||| |||| 00| 0 eng d |
| 020 ## - INTERNATIONAL STANDARD BOOK NUMBER | |
| International Standard Book Number | 0153317795 |
| 040 ## - CATALOGING SOURCE | |
| Original cataloging agency | FISKH |
| Language of cataloging | eng |
| Transcribing agency | FISKH |
| Modifying agency | FISKH |
| 050 ## - LIBRARY OF CONGRESS CALL NUMBER | |
| Classification number | PE1117.C66 M |
| 082 ## - DEWEY DECIMAL CLASSIFICATION NUMBER | |
| Classification number | 372 |
| 100 ## - MAIN ENTRY--PERSONAL NAME | |
| Personal name | Cooper, Elizabeth K. |
| Relator term | Author |
| 245 ## - TITLE STATEMENT | |
| Title | A magic afternoon / |
| Statement of responsibility, etc. | Stories by Elizabeth K. Cooper ; Illustrated by Walter Brooks |
| 260 ## - PUBLICATION, DISTRIBUTION, ETC. | |
| Place of publication, distribution, etc. | New York : |
| Name of publisher, distributor, etc. | Harcourt Brace Jovanovich Inc. , |
| Date of publication, distribution, etc. | 1979 |
| 300 ## - PHYSICAL DESCRIPTION | |
| Extent | 72 pages : |
| Other physical details | color illustrations ; |
| Dimensions | 24 cm |
| 505 ## - FORMATTED CONTENTS NOTE | |
| Formatted contents note | L<br/> |
| 520 ## - SUMMARY, ETC. | |
| Summary, etc. | A book that includes 17 stories. The little house in the grass, Mr. Fig, The lost mouse, The bad cat, Will they save mouse?, Mr. Fig's surprise, The fast ride, The lost hat, The wet car, A surprise for Mr. Fig, Mr. Fig and Grasshopper, The surprise, Go to the house, Jill finds friends, Jill's magic, Turtle and the pond and The good friends. |
| 521 8# - TARGET AUDIENCE NOTE | |
| Target audience note | 550<br/> |
| Source | Lexile estimate<br/> |
| 521 8# - TARGET AUDIENCE NOTE | |
| Target audience note | L<br/> |
| Source | Raz-Plus<br/> |
| 650 ## - SUBJECT ADDED ENTRY--TOPICAL TERM | |
| Topical term or geographic name entry element | Fantasy |
| Form subdivision | Folktale |
| 650 ## - SUBJECT ADDED ENTRY--TOPICAL TERM | |
| Topical term or geographic name entry element | School book |
| Form subdivision | Short stories |
| 700 ## - ADDED ENTRY--PERSONAL NAME | |
| Personal name | Brooks, Walter |
| Relator term | Illustrator |
| 942 ## - ADDED ENTRY ELEMENTS (KOHA) | |
| Source of classification or shelving scheme | Dewey Decimal Classification |
| Koha item type | Books |
| Suppress in OPAC | No |
| Withdrawn status | Lost status | Source of classification or shelving scheme | Damaged status | Not for loan | Collection | Home library | Current library | Shelving location | Date acquired | Total Checkouts | Full call number | Barcode | Date last seen | Copy number | Price effective from | Koha item type |
|---|---|---|---|---|---|---|---|---|---|---|---|---|---|---|---|---|
| Dewey Decimal Classification | Juvenile Fiction | Footprints International School Library Network Toul Tom Poung Campus | Footprints International School Library Network Toul Tom Poung Campus | TTP Primary Yellow Bookshelves | 12/05/2025 | COO 372 PE1117.C66 M | FISBK01291 | 12/05/2025 | 1 | 12/05/2025 | Books |
